|
|
|
|
| LEADER |
03022nam a2200409 a 4500 |
| 001 |
EBC990372 |
| 003 |
MiAaPQ |
| 005 |
20200520144314.0 |
| 006 |
m o d | |
| 007 |
cr cn||||||||| |
| 008 |
091009s2010 njua sb 001 0 eng d |
| 010 |
|
|
|z 2009041544
|
| 020 |
|
|
|z 9780691128832 (hbk. alk. paper)
|
| 020 |
|
|
|z 0691128839 (hbk. alk. paper)
|
| 020 |
|
|
|a 9781400835287 (electronic bk.)
|
| 035 |
|
|
|a (MiAaPQ)EBC990372
|
| 035 |
|
|
|a (Au-PeEL)EBL990372
|
| 035 |
|
|
|a (CaPaEBR)ebr10587960
|
| 035 |
|
|
|a (CaONFJC)MIL385226
|
| 035 |
|
|
|a (OCoLC)845245983
|
| 040 |
|
|
|a MiAaPQ
|c MiAaPQ
|d MiAaPQ
|
| 050 |
|
4 |
|a HD61
|b .K598 2010
|
| 082 |
0 |
4 |
|a 658.15/5
|2 22
|
| 245 |
0 |
4 |
|a The known, the unknown, and the unknowable in financial risk management
|h [electronic resource] :
|b measurement and theory advancing practice /
|c Francis X. Diebold, Neil A. Doherty, Richard J. Herring, editors.
|
| 260 |
|
|
|a Princeton, N.J. :
|b Princeton University Press,
|c c2010.
|
| 300 |
|
|
|a viii, 380 p. :
|b ill.
|
| 504 |
|
|
|a Includes bibliographical references and index.
|
| 505 |
0 |
|
|a Risk : a decision maker's perspective / Clive W.J. Granger -- Mild vs. wild randomness : focusing on those risks that matter / Benoit B. Mandelbrot and Nassim Nicholas Taleb -- The term structure of risk, the role of known and unknown risks, and nonstationary distributions / Riccardo Colacito and Robert F. Engle -- Crisis and noncrisis risk in financial markets : a unified approach to risk management / Robert H. Litzenberger and David M. Modest -- What we know, don't know, and can't know about bank risk : a view from the trenches / Andrew Kuritzkes and Til Schuermann -- Real estate through the ages : the known, the unknown, and the unknowable / Ashok Bardhan and Robert H. Edelstein -- Reflections on decision-making under uncertainty / Paul R. Kleindorfer -- On the role of insurance brokers in resolving the known, the unknown, and the unknowable / Neil A. Doherty and Alexander Muermann -- Insuring against catastrophes / Howard Kunreuther and Mark V. Pauly -- Managing increased capital markets intensity : the chief financial officer's role in navigating the known, the unknown, and the unknowable / Charles N. Bralver and Daniel Borge -- The role of corporate governance in coping with risk and unknowns / Kenneth E. Scott -- Domestic banking problems / Charles A.E. Goodhart -- Crisis management : the known, the unknown, and the unknowable / Donald L. Kohn -- Investing in the unknown and unknowable / Richard J. Zeckhauser.
|
| 533 |
|
|
|a Electronic reproduction. Ann Arbor, MI : ProQuest, 2015. Available via World Wide Web. Access may be limited to ProQuest affiliated libraries.
|
| 650 |
|
0 |
|a Financial risk management.
|
| 650 |
|
0 |
|a Risk management.
|
| 655 |
|
4 |
|a Electronic books.
|
| 700 |
1 |
|
|a Diebold, Francis X.,
|d 1959-
|
| 700 |
1 |
|
|a Doherty, Neil A.
|
| 700 |
1 |
|
|a Herring, Richard.
|
| 710 |
2 |
|
|a ProQuest (Firm)
|
| 856 |
4 |
0 |
|u https://ebookcentral.proquest.com/lib/matrademy/detail.action?docID=990372
|z Click to View
|